00000000nam 2200000zi 4500
0019.945785
003CaOODSP
00520250113145748
006m     o  d f      
007cr cn ||||||||
008241129e202412  onc     ob   f000 0 fre d
020 |a9780660747347
040 |aCaOODSP|bfre|erda|cCaOODSP
043 |an-cn---
0861 |aH164-266/2024F-PDF
24500|aLigne directrice sur la qualité (chimie et fabrication) : |bprésentations de drogue nouvelle et présentations abrégées de drogue nouvelle.
264 1|aOttawa (Ontario) : |bSanté Canada = Health Canada, |cdécembre 2024.
264 4|c©2024
300 |a1 ressource en ligne (v, 85 pages)
336 |atexte|btxt|2rdacontent/fre
337 |ainformatique|bc|2rdamedia/fre
338 |aressource en ligne|bcr|2rdacarrier/fre
500 |aPublié aussi en anglais sous le titre : Quality (chemistry and manufacturing) guidance : new drug submissions and abbreviated new drug submissions.
500 |a« Date d’adoption 2017-10-30. Date de l’ébauche 2024-12-18. Date d’entrée en vigueur 2024-12-18. »
500 |a« Pub. : 240666. »
504 |aComprend des références bibliographiques.
650 6|aMédicaments|xAutorisation de mise sur le marché|zCanada.
650 6|aMédicaments|xPolitique gouvernementale|zCanada.
7101 |aCanada. |bSanté Canada, |eorganisme de publication.
77508|tQuality (chemistry and manufacturing) guidance : |w(CaOODSP)9.945784
795 |tLigne directrice : |w(CaOODSP)9.867968
85640|qPDF|s869 Ko|uhttps://publications.gc.ca/collections/collection_2025/sc-hc/H164-266-2024-fra.pdf
8564 |qHTML|sS.O.|uhttps://www.canada.ca/fr/sante-canada/services/medicaments-produits-sante/medicaments/demandes-presentations/lignes-directrices/qualite-entites-chimique/ligne-directrice-qualite-chimie-fabrication-presentations-drogue-nouvelle-presentations-abregees-drogue-nouvelle-padn.html